Justicia penal y derechos humanos en Chile /

La perspectiva de edificar una sociedad democrática cuyo fundamento sea la vigencia de los derechos humanos, conseja analizar nuestro sistema procesal penal segun los preceptos establecidos por la comunidad internacional en declaraciones Universal y Americana de Derechos Humanos del Hombre, el Pacto...

Full description

Bibliographic Details
Main Author: Esponda, Jaime
Format: Analitica de revista
Language:Spanish
Published: Santiago, Chile El Programa 1985
Subjects:
Online Access:Disponible en línea (PDF). Biblioteca Digital UAHC.

MARC

LEADER 00000cab a2200000 a 4500
001 041544
003 UAHC_CL
005 20210909180008.0
008 160630b1985 cl j 000 1 spa
952 |0 0  |1 0  |4 0  |6 REVISTA_CHILENA_DE_DERECHOS_HUMANOS03_85_000000000000000  |7 0  |8 COMP  |9 77913  |a BC  |b BC  |c COMP  |d 2017-08-03  |l 0  |o REVISTA CHILENA DE DERECHOS HUMANOS-03/85  |r 2017-08-03 00:00:00  |t 1  |w 2017-08-03  |y REVA 
999 |c 41544  |d 41544 
040 |a UAHC_CL  |c UAHC_CL  |d UAHC_CL 
100 1 |a Esponda, Jaime 
245 1 0 |a Justicia penal y derechos humanos en Chile /  |c Jaime Esponda. 
260 |b El Programa  |a Santiago, Chile  |c 1985 
300 |a pp. 32-39 
500 |a En: Revista chilena de derechos humanos. no. 03, 1985. pp. 32-39. 
520 |a La perspectiva de edificar una sociedad democrática cuyo fundamento sea la vigencia de los derechos humanos, conseja analizar nuestro sistema procesal penal segun los preceptos establecidos por la comunidad internacional en declaraciones Universal y Americana de Derechos Humanos del Hombre, el Pacto Internacional de los Derechos Civiles, y políticos y el Pacto de San José de Costa Rica. Estos principios consagran el conjunto de garantías en el Derecho Internacional y Derechos Humanos denominado "derecho a un proceso regular". 
650 4 |a JUSTICIA SOCIAL  |z CHILE 
650 4 |a DERECHOS HUMANOS  |z CHILE 
856 |u http://bibliotecadigital.academia.cl/xmlui/handle/123456789/3780  |3 Disponible en línea (PDF). Biblioteca Digital UAHC.  |y Disponible en línea (PDF). Biblioteca Digital UAHC. 
856 |u http://bibliotecadigital.academia.cl/xmlui/handle/123456789/3780  |3 Disponible en línea (PDF). Biblioteca Digital UAHC.  |y Disponible en línea (PDF). Biblioteca Digital UAHC. 
900 |a REVISTA CHILENA DE DERECHOS HUMANOS-03/85 
942 |c REVA  |2 ddc